Sudden Death - Grange Hill Characters (1984-89) - Statistics

General Stats
  • This quiz has been taken 51 times
  • The average score is 8 of 20
Answers on the Grid
Answers color-coded by a green-red scale on the quiz's grid according to % correct below.
Ziggy Greaves
Graham O'Connell
Julie Marchant
Liz Regan
Kilvert
Ralph Passmore
Zammo McGuire
Mel Dixon
Kevin Baylon
Kelly Donnington
Ant Jones
Mr Bronson
Michelle Gayle
Danny Kendall
Justine Dean
Mauler McCaul
Mr Robson
Trevor Cleaver
Rodney Bennett
Paul Holloway
Mr Cheetham
Vince Savage
Colin Ormsby
Julia Glover
Tegs
Ben Ruffell
Imelda Davis
Georgina Hayes
Neil Wells
Veronica Birtles
 
Answer Stats
Answer % Correct
Ziggy Greaves
92%
Zammo McGuire
77%
Mr Bronson
65%
Danny Kendall
54%
Julie Marchant
42%
Tegs
42%
Ant Jones
38%
Justine Dean
38%
Trevor Cleaver
38%
Georgina Hayes
35%
Mr Robson
35%
Imelda Davis
31%
Liz Regan
31%
Mauler McCaul
31%
Vince Savage
31%
Julia Glover
27%
Kevin Baylon
27%
Veronica Birtles
23%
Paul Holloway
19%
Kilvert
12%
No matching quizzes found
Score Distribution
Percent of People with Each Score
Percentile by Number Answered
Your Score History
You have not taken this quiz